Le Comité de Salut public. (Record no. 183909)

MARC details
000 -LEADER
campo de control de longitud fija 00431nam a2200145 i 4500
001 - NÚMERO DE CONTROL
campo de control 183909
003 - IDENTIFICADOR DE NÚMERO DE CONTROL
campo de control ES-MaACL
005 - FECHA Y HORA DE LA ÚLTIMA TRANSACCIÓN
campo de control 20230906222012.0
008 - DATOS DE LONGITUD FIJA--INFORMACIÓN GENERAL
campo de control de longitud fija 141121s1871 fr |||| | fre d
245 03 - MENCIÓN DEL TÍTULO
Título Le Comité de Salut public.
260 ## - PUBLICACIÓN, DISTRIBUCIÓN, ETC.
Lugar de publicación, distribución, etc. Paris :
Nombre del editor, distribuidor, etc. E. Dentu,
Fecha de publicación, distribución, etc. 1871.
300 ## - DESCRIPCIÓN FÍSICA
Extensión 66 p. ;
Dimensiones 22 cm.
610 14 - PUNTO DE ACCESO ADICIONAL DE MATERIA--NOMBRE DE ENTIDAD CORPORATIVA
Nombre de entidad corporativa o nombre de jurisdicción como elemento de entrada Francia.
Unidad subordinada Convention Nationale, 1792-1795.
-- Comité de Salut Public.
9 (RLIN) 139342
852 ## - LOCALIZACIÓN
Ubicación ES-MaACL
Número de control de estantería T-120-F-4
Holdings
Estatus retirado Estado de pérdida Estado de daño No para préstamo Colección Biblioteca de origen Biblioteca actual Ubicación en estantería Fecha de adquisición Fuente de adquisición Total de préstamos Signatura topográfica completa Código de barras Visto por última vez Precio de reemplazo Tipo de ítem Koha
        Colección de folletos Biblioteca del Ateneo de Madrid Biblioteca del Ateneo de Madrid Depósito folletos 21/11/2014     T-120-F-4 1193384 23/02/2023 23/02/2023 Folleto